01487nam a2200349Ia 4500001001200000003000800012006001900020007001500039008004100054010001700095020001500112020001500127020002200142040002100164035002000185050002400205082001500229100003000244245007500274260004400349300002400393504006400417533015200481650006800633650008300701650008300784650008100867655002900948710001700977856012600994999001701120ebr10054567CaPaEBRm u cr cn|||||||||981016s1999 enka sb 001 0 eng d z 98048143  z0203028112 z0415187427 z0415187435 (pbk.) aCaPaEBRcCaPaEBR a(OCoLC)5242005014aPE1101b.S58 1999eb04a420/.92211 aSmith, J. J.q(Jeremy J.)10aEssentials of early Englishh[electronic resource] /cJeremy J. Smith. aLondon ;aNew York :bRoutledge,c1999. axiv, 251 p. :bill. aIncludes bibliographical references (p. 223-227) and index. aElectronic reproduction.bPalo Alto, Calif. :cebrary,d2006.nAvailable via World Wide Web.nAccess may be limited to ebrary affiliated libraries. 0aEnglish languagexGrammar, HistoricalvHandbooks, manuals, etc. 0aEnglish languageyOld English, ca. 450-1100xGrammarvHandbooks, manuals, etc. 0aEnglish languageyMiddle English, 1100-1500xGrammarvHandbooks, manuals, etc. 0aEnglish languageyEarly modern, 1500-1700xGrammarvHandbooks, manuals, etc. 7aElectronic books.2local2 aebrary, Inc.40uhttp://site.ebrary.com/lib/rucke/Doc?id=10054567zAn electronic book accessible through the World Wide Web; click to view c64678d64678